| 000 | 01186nam a2200301 a 4500 | ||
|---|---|---|---|
| 001 | BRCA_7691 | ||
| 005 | 20190320205940.0 | ||
| 008 | 091221s2010 u--a#####b---s001-0#eng-# | ||
| 020 | _a9780826348340 | ||
| 040 |
_aDLC _cDLC _dYDXCP |
||
| 041 | _aeng | ||
| 044 | _au | ||
| 050 | 4 |
_aBX1431.M4 _b.L37 2010 |
|
| 100 | 1 |
_aLarkin, Brian R., _d1969- _918996 |
|
| 245 | 1 | 0 |
_aThe very nature of God _bbaroque catholicism and religious reform in Bourbon Mexico City _cBrian R. Larkin. |
| 260 |
_aAlbuquerque, N. M. _bUniversity of New Mexico Press _c2010 |
||
| 300 |
_axiii, 312 p. _bil. _c23 cm. |
||
| 500 | _aIncluye índice alfabético | ||
| 500 | _aIncluye piezas de la colección Franz Mayer: p. 35, 40, 41 y 75 | ||
| 504 | _aBibliografía: p.289-303 | ||
| 610 | 2 | 4 |
_aIglesia católica _xHistoria _ySiglo XVIII _zMéxico _918997 |
| 650 | 1 | 4 |
_aCristianismo y cultura _xHistoria _ySiglo XVIII _zMéxico _918998 |
| 650 | 1 | 4 |
_aReforma de la iglesia _xIglesia católica _ySiglo XVIII _918999 |
| 650 | 1 | 4 |
_aTestamentos _xHistoria _ySiglo XVIII _zMéxico _919000 |
| 650 | 1 | 4 |
_aCivilización barroca _zMéxico _919001 |
| 651 | 4 |
_aCiudad de México _xVida religiosa y costumbres _910849 |
|
| 942 |
_2lcc _cB |
||
| 999 |
_c7365 _d7365 |
||